000
00206 a2200109 4500
020
_a
9789681645694
041
_a
spa
100
_a
Michaela Morgan
245
_a
Bety al Rescate
942
_c
BK
952
_7
4
999
_c
19934
_d
19934